000 00684cam a2200217 a 4500
020 _a3540431853 (acidfree paper)
082 0 0 _a550.28
100 1 _aGupta, Ravi P.,
_d1948-
245 1 0 _aRemote sensing geology /
_cRavi P. Gupta.
250 _a2nd ed.
260 _aBerlin ;
_aNew York :
_bSpringer,
_cc2003.
300 _axx, 655 p. :
_bill. (some col.), maps (some col.) ;
_c24 cm.
504 _aIncludes bibliographical references (p. [593]-622) and indexes.
563 _aH.B
650 0 _aGeology
942 _2ddc
_cBK
999 _c589231
_d589231